000 01665cam a22004574i 4500
003 PE-LiUPU
005 20250731172740.0
008 150617s r 000 0 d
035 _a(Sirsi) a11944
040 _aPE-LiUPU
_bspa
_cPE-LiUPU
_erda
049 _aPRUA
082 0 4 _a232.9
_bW34
_221
100 1 _aWearner, Alonzo Joseph,
_d1892-1964,
_eautor.
245 1 0 _aLessons from the life of Jesus :
_ba study outline based on a harmony of the Gospels and choice commentary readings /
_cA. J. Wearner.
264 1 _aNebraska :
_bUnion College Press,
_c1947.
300 _a65 páginas ;
_c21 cm.
336 _atext
_2rdacontent
337 _aunmediated
_2rdamedia
338 _avolume
_2rdacarrier
505 0 _aBirth to baptism -- Beginning of public ministry -- First year of ministry -- Second year of ministry -- Third year of ministry -- The passion week -- Resurrection to ascension.
526 _aSEG42
526 _aSEG41
526 _aSEG40
526 _aSEG39
526 _aP94
526 _aP87
526 _aP86
526 _aP85
526 _aP77
526 _aP76
526 _aP35
600 1 _aJesucristo
650 0 4 _aCristología.
910 _ajck
_bjvq
_cjck
_d20150616
942 _2ddc
_cBOOK
949 _a232.9 W34
_wDEWEY
_c1
_i02125
_lCCODEBUL1
_mBUL
_p00.00
_r0
_sY
_tBOOK
_u19940831
_xTEOLOGIA
_PP35
_0COMPRA
_o.STAFF. Colección general
994 _aC0
_bPEPRU
596 _a1
999 _a232.9 W34
_wDEWEY
_c2147
_i02125
_f2021-11-11
_g5
_lCCODEBUL1
_mBUL
_r0
_sY
_tBOOK
_u2015-6-17
_xTEOLOGIA
_PP35
_0COMPRA
_o.STAFF. Colección general
_d2147
980 _81
_gALBERTO SANCHEZ Responsable de Automatización